000 01002nam a2200229Ia 4500
001 858-MAC ni op (17197)
003 IT-MiSPE
008 171229s9999||||xx |||||||||||||| ||und||
040 _aIT-MiSPE
_cIT-MiSPE
041 _aITALIANO
100 _aNiccolò Machiavelli
245 0 _aOpere
_bII. Lettere; Legazioni e commissarie
250 _a1a ed. (v)
260 _aTorino
_bEinaudi; Gallimard
_c1999
300 _aXXX, 2006 p. [2 v.]
_c18 cm
490 _v
501 _aEdizioni San Paolo srl - Piazza Soncino, 5 - 20092 CINISELLO BALSAMO (MI) (non commercial uses only) ® Copyright 2018
700 _aCorrado Vivanti
942 _cBK
957 _71
999 _a3581
_bNO
_g Copie: 1
_c354702
_d354702